Responses for Show #4127 - Tuesday, July 9, 2002

Contestants

[<< previous game]

Carol Stettheimer, a mother and home educator from Arlington, Texas

Sean Scarry, a substitute teacher and graduate student from Mount Laurel, New Jersey

Shelley Forbess, a 7th-grade science teacher from El Dorado, Arkansas (whose 2-day cash winnings total $44,801)

[next game >>]

Jeopardy! Round responses

CAPES
FAMOUS NAMES
GONE WITH THE WIND
THE OLYMPICS
CAR NAMES
"DIS"SING YOU
    $200 16
Cape Cod

Carol
    $200 6
Jesse Ventura

Shelley
    $200 1
Ireland

Sean
    $200 19
cricket

Shelley
    $200 24
a Mustang

Sean
    $200 11
(Alex [amidst laughter]: Sorry to say.)

a disaster area

Carol
    $400 17
Cape Horn

Sean
    $400 7
Edgar Allan Poe

Shelley
    $400 2
the Wilkes

Carol
    $400 20
Mark McGwire

Shelley
    $400 25
Mercury

Carol
    $400 12
Walt Disney

Sean
    $600 18
(Carol: What is the Bering Sea?)

the Bering Strait

ShelleyCarol
    $600 8
Patty Hearst

Carol
    $600 3
Ku Klux Klan

Shelley
    $600 21
the skeleton

Shelley
    $600 26
an Accord

Sean
    $600 13
the District of Columbia

Sean
    $1,200 29
(Carol: What is Cape Hatteras?)

Cape Fear

Carol
    $800 9
Marie Curie

Shelley
    $800 4
"The Wind Done Gone"

Shelley
    $800 22
Germany

Sean
    $800 27
the Plymouth

Sean
    $800 14
(Alex: You know it better as [*].)

distemper

Triple Stumper
    $1000 30
Cape Flattery

Shelley
    $1000 10
Bertolt Brecht

Triple Stumper
    $1000 5
Aunt Pittypat

Shelley
    $1000 23
Mark Spitz

Carol
    $1000 28
a Beetle

Carol
    $1000 15
Benjamin Disraeli

Carol

Scores at the first commercial break (after clue 15):

Shelley Sean Carol
$3,800 $1,200 $2,200

Scores at the end of the Jeopardy! Round:

Shelley Sean Carol
$6,600 $4,000 $3,000

Double Jeopardy! Round responses

HISTORIC BALTIMORE
"GIRL" MOVIES
WEATHER SUPERLATIVES
THEME PARKS
PRODUCTS
DOUBLE LETTERS
    $400 26
the Baltimore & Ohio

Carol
    $400 1
"Girl, Interrupted"

Sean
    $400 6
a hailstone

Sean
    $400 11
Shamu

Sean
    $400 19
Posturepedic

Carol
    $400 14
(Ebenezer) Scrooge

Shelley
    $800 27
Catholic

Shelley
    $800 2
"Working Girl"

Carol
    $800 7
Death Valley

Shelley
    $800 12
Universal Studios

Shelley
    $800 20
Minolta

Shelley
    $800 15
a mitt

Shelley
    $1200 28
habeas corpus

Carol
    $1200 3
"Party Girl"

Triple Stumper
    $1200 8
a tornado

Sean
    $1200 13
Legoland

Carol
    $1200 21
Ragù

Shelley
    $1200 16
a smuggler

Sean
    $1600 29
(Alex: Great to visit it--it's [*].

the U.S.S. Consellation

Triple Stumper
    $1600 4
"Earth Girls Are Easy"

Sean
    $1600 9
the Indian Ocean

Triple Stumper
    $2,000 24
Six Flags

Sean
    $1600 22
Sudafed

Carol
    $2,000 17
a dossier

Sean
    $2000 30
(Alex: That too is worth visiting--it's [*].)

the National Aquarium

Triple Stumper
    $2000 5
(Sean: What is "Girl Crazy"?)

"Girls! Girls! Girls!"

ShelleySean
    $2000 10
(Shelley: What is the Atacamba?)
...
(Alex: Oh, you were so close, Shelley! You put an "M" in there; it's the [*], not the "Atacamba".)
[Prior to Final Jeopardy!, Alex mentioned that he misspoke when Shelley added the wrong letter--a "B" instead of an "M"; this did not affect the outcome.]

the Atacama

Shelley
Triple Stumper
    $2000 25
Dollywood

Carol
    $2000 23
(Sean: What is a [*] 64?)

Commodore

Sean
    $2000 18
Muskogee

Carol

Scores at the end of the Double Jeopardy! Round:

Shelley Sean Carol
$12,200 $13,200 $12,600

[wagering suggestions for these scores]

Final Jeopardy! Round responses

AWARDS
ShelleyWhat are Grammys?
$12,200
CarolWhat is a Grammys?
$12,600
SeanWhat is a Grammy
$13,000
the Grammys

Final scores:

Shelley Sean Carol
$24,400 $26,200 $25,200
3rd place: $1,000 New champion: $26,200 2nd place: $2,000

Game dynamics:

Coryat scores:

Shelley Sean Carol
$12,200 $12,400 $13,800
19 R,
1 W
17 R
(including 2 DDs),
1 W
16 R,
2 W
(including 1 DD)

Combined Coryat: $38,400

[game clues] [game scores] [suggest correction]

Game tape date: 2002-03-05
The J! Archive is created by fans, for fans. Scraping, republication, monetization, and malicious use prohibited; this site may use cookies and collect identifying information. See terms. The Jeopardy! game show and all elements thereof, including but not limited to copyright and trademark thereto, are the property of Jeopardy Productions, Inc. and are protected under law. This website is not affiliated with, sponsored by, or operated by Jeopardy Productions, Inc. Join the discussion at JBoard.tv.